Sanat - "Tyttö joka itkee iltaisin - Mirella - Statistics

Yleistilastot
  • Tätä visaa on pelattu 55 kertaa
  • Keskiarvotulos 101 / 177
Vastaustilastot
Vastaus % Oikein
iltaisin
94%
itkee
94%
joka
94%
tyttö
94%
Ku
89%
86%
86%
ja
81%
oon
81%
vaa
81%
et
78%
se
75%
itseensä
72%
vaan
72%
peilikuvast
67%
ettii
64%
kun
64%
nii
61%
on
61%
peilikuvast
61%
jää
58%
mut
58%
ei
56%
sen
53%
tunteisiin
53%
yksin
53%
hajonnu
50%
Helppoo
50%
suuriin
50%
silt
47%
elämää
47%
jos
47%
kii
47%
kurkkuun
47%
pää
47%
ulkokuoren
47%
alle
44%
en
44%
mitä
44%
Mitä
44%
näyttää
44%
varmaa
44%
eksyneenä
42%
jääny
42%
mielipiteet
42%
mun
42%
satuta
42%
uskoo
42%
aatella
39%
elän
39%
niinku
39%
unessa
39%
jotka
36%
kaikki
36%
odotuksist
36%
sydän
36%
herään
33%
jonkun
33%
kaiken
33%
kenen
33%
löydän
33%
metsää
33%
multa
33%
ois
33%
paikalta
33%
palasiksi
33%
enää
31%
heti
31%
itteeni
31%
luottaa
31%
muun
31%
paikalla
31%
raudasta
31%
rinnas
31%
tehty
31%
Unohdettuna
31%
yhtäkkii
31%
yritän
31%
jaksa
28%
kysyn
28%
lopetan
28%
murtuu
28%
painajaisii
28%
paljon
28%
pyydetään
28%
Riitänkö
28%
täyttämään
28%
välil
28%
iteltä
25%
vaadin
25%
keskellä
22%
nyt
22%
unelmat
22%
pimeet
19%
öisin
17%
Asiat
14%
Ehtoja vastaavia visoja ei löytynyt
Tulosjakauma
Jokaisen tuloksen saaneiden osuus
Persentiili vastausten määrän mukaan
Tuloshistoriasi
Et ole pelannut tätä visaa